000 00735nam a2200229Ia 4500
003 OSt
005 20220925201700.0
006 a|||||r|||| 00| 0
007 ta
008 220923b |||||||| |||| 00| 0 eng d
037 _cGeneral Book
040 _aRTL
_cRTL
_beng
041 _2eng
_aeng
082 _aX:545.2.N39, G9
110 _aIndia, Department of Commercial Intelligence and statistics.
_9262131
245 0 _aExport of Indian artware and sports Goods Oct.1939.
260 _aDelhi
_bManager of Publications.
_c1939
300 _a30p.
_ccm.
700 _aIndia, Department of Commercial Intelligence and statistics.
_9262132
942 _hX:545.2.N39, G9
_cGB
_2CC
999 _c540795
_d540795